000 01050nam0a22002651 4500
001 rc\2880004
005 20250529213312.0
035 _a(NLR Aleph) 007032896
090 _a6020957
_c6020957
100 _a20110719d1928 |||y0rusy50 ca
101 0 _arus
102 _aRU
105 _ay g |||||
200 1 _aУвольнение из кадров РККА и льготы уволенным
_eПособие для ведения справочной работы в частях РККА
_fВ. Канн
205 _a2-е изд.
210 _aМосква
_cВоенный вестник
_d1928
_g"Мосполиграф". Типо-цинкография "Мысль печатника"
215 _a45, [3] с.
_d17х11 см
225 1 _aВоенно-юридическая библиотека
_vВып. 8
300 _aНа обл. дата: 1927
700 1 _aКанн
_bВ.В.
_gВячеслав Вячеславович
801 0 _aRU
_bNLR
_gpsbo
801 1 _aRU
_bELAR
_2rusmarc
852 _aNLR
_j72/846(8)
942 _cBOOK
980 _aNB